Normal view
MARC view
- AMSAL,RAHEEL,TAHREEM
Entry Personal Name
001 - CONTROL NUMBER
- control field: 71776
003 - CONTROL NUMBER IDENTIFIER
- control field: NUST
005 - DATE AND TIME OF LATEST TRANSACTION
- control field: 20210628204659.0
008 - FIXED-LENGTH DATA ELEMENTS
- fixed length control field: 210628|| aca||aabn | a|a d
040 ## - CATALOGING SOURCE
- Original cataloging agency: NUST
- Transcribing agency: NUST
100 ## - HEADING--PERSONAL NAME
- Personal name: AMSAL,RAHEEL,TAHREEM
670 ## - SOURCE DATA FOUND
- Source citation: Work cat.: (NUST): AMSAL,RAHEEL,TAHREEM, PR-SOF-1209-WIRELESS SENSOR NETWORK BASED COGNITIVE SURVEILLANCE AND REPORTING SYSTEM, 2012
